Statistiques concernant Langues les plus parlées

Cliquez ici pour prendre le quiz!

Statistiques générales

  • Ce quiz a été pris 99 fois
  • Le résultat moyen est 14 sur 50

Statistiques - réponses

Langue% Correct
Anglaise/ Anglais
99%
Chinois/ Mandarin
97%
Espagnole/ Espagnol
97%
Français
95%
Portugais
90%
Russe
83%
Italienne/ Italien
80%
allemande/ allemand
79%
Japonaise/ Japonais
76%
Hindi
59%
Turque/ Turc
48%
polonais
46%
Vietnamienne/ Vietnamien
38%
Persan
36%
Swahili
36%
Indonésienne/ Indonésien
34%
Bengali
33%
Ukrainienne/ Ukrainien
33%
ourdou
29%
arabe égyptien
25%
thaïlandais
25%
Philippin
20%
Arabe algérien
16%
Arabe soudanais
16%
Arabe marocain
15%
Pendjabi occidental
15%
Pendjabi oriental
14%
Wu
14%
Southern Min/Minnan/Banlam (chinois)
13%
Birmane/ Birman
12%
Gujarati
9%
télougou
9%
Tamil
8%
Javanais
5%
Kannada
5%
Coréenne/ Coréenn
4%
Malayalam
3%
Haoussa
2%
Odia
2%
Maïthili
1%
Pidgin nigérian
1%
Arabe (norme)
0%
Bhojpuri
0%
Hakka (chinois)
0%
Jinyu (chinois)
0%
Marathe
0%
Sonde
0%
Xiang (chinois)
0%
Yorouba
0%
Yue (chinois)
0%

Distribution des résultats

Percentile par nombre de réponses

% des personnes avec chaque résultat

Votre développement - résultats

Vous n’avez pas pris ce quiz